[Event "Schachfestival Basel"]
[Site "?"]
[Date "2017.01.05"]
[Round "5.17"]
[White "Botta, Gabriele"]
[Black "Roe, Simon J"]
[Result "1/2-1/2"]
[WhiteElo "2377"]
[BlackElo "2211"]
[PlyCount "120"]
[EventDate "2017.01.??"]
[EventType "swiss"]
[EventRounds "9"]

1. e4 c5 2. c3 d5 3. exd5 Qxd5 4. d4 Nf6 5. Nf3 e6 6. Na3 a6 7. Nc4 Nbd7 8. Be2
cxd4 9. Nxd4 Be7 10. O-O O-O 11. a4 Re8 12. Qc2 Qc5 13. a5 Nd5 14. Rd1 N7f6 15.
Bf1 Bf8 16. Nb3 Qc7 17. Bg5 Bd7 18. Nb6 Ng4 19. g3 Qe5 20. Nxa8 Rxa8 21. Bf4
Nxf4 22. Rxd7 Qh5 23. h4 Ne5 24. Qd1 Nxd7 25. Qxd7 Qd5 26. Qxd5 Nxd5 27. Bg2
Rb8 28. c4 Nb4 29. Rd1 g6 30. c5 Bg7 31. Rd7 Nc6 32. Rd2 Kf8 33. Kf1 Ke7 34.
Ke2 Rd8 35. Bxc6 bxc6 36. Rxd8 Kxd8 37. Nd2 Bxb2 38. Kd3 Be5 39. Kc4 Bc7 40.
Kb4 Ke7 41. Nf3 e5 42. Ne1 f5 43. Nc2 Ke6 44. Ka4 Kd5 45. Nb4+ Kxc5 46. Nxa6+
Kd6 47. Nxc7 Kxc7 48. Kb4 e4 49. Kc5 Kb7 50. a6+ Kxa6 51. Kxc6 Ka5 52. Kc5 Ka4
53. Kc4 Ka3 54. Kc3 Ka2 55. h5 Kb1 56. hxg6 hxg6 57. g4 Kc1 58. gxf5 gxf5 59.
Kd4 Kd2 60. Ke5 Ke2 1/2-1/2

[Event "Schachfestival Basel"]
[Site "?"]
[Date "2017.01.05"]
[Round "5.18"]
[White "Arcuti, Davide"]
[Black "Mesaros, Florian"]
[Result "1/2-1/2"]
[WhiteElo "2269"]
[BlackElo "2372"]
[PlyCount "68"]
[EventDate "2017.01.??"]
[EventType "swiss"]
[EventRounds "9"]

1. d4 Nf6 2. c4 g6 3. Nc3 d5 4. cxd5 Nxd5 5. e4 Nxc3 6. bxc3 Bg7 7. Bc4 c5 8.
Ne2 Nc6 9. Be3 O-O 10. O-O b6 11. Qd2 Bb7 12. Rfd1 cxd4 13. cxd4 Na5 14. Bd3
Rc8 15. Rac1 e6 16. Bh6 Bxh6 17. Qxh6 Qd6 18. h4 Rxc1 19. Rxc1 Qa3 20. Qd2 h5
21. Rc7 Rc8 22. Rxc8+ Bxc8 23. Ng3 Qe7 24. Qf4 Kg7 25. e5 Bb7 26. Be4 Bc6 27.
Qf3 Bxe4 28. Nxe4 Qxh4 29. Nd6 Qe7 30. Qa8 Qd7 31. Ne8+ Kh6 32. Nd6 Kg7 33.
Ne8+ Kh6 34. Nd6 Kg7 1/2-1/2

[Event "Schachfestival Basel"]
[Site "?"]
[Date "2017.01.05"]
[Round "5.19"]
[White "Stillger, Bernhard"]
[Black "Van Foreest, Lucas"]
[Result "0-1"]
[WhiteElo "2261"]
[BlackElo "2356"]
[PlyCount "64"]
[EventDate "2017.01.??"]
[EventType "swiss"]
[EventRounds "9"]

1. e4 e5 2. Nf3 Nc6 3. Nc3 Nf6 4. d4 exd4 5. Nxd4 Bb4 6. Nxc6 bxc6 7. Bd3 d5 8.
exd5 cxd5 9. O-O O-O 10. h3 Bb7 11. Qf3 Be7 12. Bf4 c5 13. Rfe1 Bd6 14. b3 Bxf4
15. Qxf4 Qa5 16. Qd2 Qc7 17. Bf1 Bc6 18. Rad1 d4 19. Nb5 Qb8 20. a4 Ne4 21. Qe2
a6 22. Nxd4 cxd4 23. Rxd4 Nf6 24. Qd2 Qa7 25. Rf4 Rad8 26. Qa5 Bb7 27. Rxf6
gxf6 28. Qf5 Qd4 29. Bd3 Qh4 30. Re7 Bd5 31. Re3 Kh8 32. Rg3 Rg8 0-1

[Event "Schachfestival Basel"]
[Site "?"]
[Date "2017.01.05"]
[Round "5.20"]
[White "Beukema, Jasper"]
[Black "Heinz, Timothée"]
[Result "1/2-1/2"]
[WhiteElo "2182"]
[BlackElo "2346"]
[PlyCount "167"]
[EventDate "2017.01.??"]
[EventType "swiss"]
[EventRounds "9"]

1. e4 e6 2. d4 d5 3. Nc3 Bb4 4. Nge2 Nc6 5. a3 Ba5 6. Bd2 Nge7 7. g3 Bxc3 8.
Bxc3 dxe4 9. Bg2 f5 10. b3 Qd7 11. Qd2 b6 12. f3 exf3 13. Bxf3 Bb7 14. O-O-O
O-O-O 15. Rhe1 Ng6 16. Nf4 Nxf4 17. Qxf4 Ne7 18. Bxb7+ Kxb7 19. Qe5 Nd5 20. Bd2
Rde8 21. c4 Nf6 22. Bf4 Kc8 23. Kb2 Ne4 24. h4 g6 25. c5 bxc5 26. dxc5 Qc6 27.
Rd4 Rd8 28. Red1 Rhg8 29. b4 h5 30. a4 a6 31. Ka3 Rxd4 32. Rxd4 Rd8 33. Rxd8+
Kxd8 34. Qh8+ Kd7 35. Kb3 a5 36. Qg7+ Kc8 37. Qg8+ Kb7 38. b5 Qxc5 39. Qxe6
Qc3+ 40. Ka2 Qc2+ 41. Ka3 Qd3+ 42. Kb2 Qd4+ 43. Kb1 Qb4+ 44. Kc1 Qe1+ 45. Kc2
Qe2+ 46. Kc1 Qe1+ 47. Kc2 Qc3+ 48. Kd1 Qa1+ 49. Ke2 Qb2+ 50. Ke1 Qb1+ 51. Ke2
Qc2+ 52. Ke1 Qf2+ 53. Kd1 Qf3+ 54. Ke1 Nc5 55. Qxg6 Nd3+ 56. Kd2 Nxf4 57. gxf4
Qxf4+ 58. Kd3 Qe4+ 59. Kc3 Qe5+ 60. Kc4 Qe4+ 61. Kc3 Qf3+ 62. Kd2 f4 63. Qa6+
Kb8 64. Qxa5 Qf2+ 65. Kd3 Qe3+ 66. Kc2 Qe4+ 67. Kc1 f3 68. Qd2 Qxh4 69. Qe3 f2
70. Qe8+ Ka7 71. Qe3+ Kb7 72. Qf3+ Kb6 73. Qc6+ Ka5 74. Qxc7+ Kxa4 75. Qc2+
Kxb5 76. Qf5+ Kc4 77. Kd2 Qd4+ 78. Ke2 h4 79. Qf7+ Kc3 80. Qc7+ Kb4 81. Qb7+
Ka5 82. Qa8+ Kb6 83. Qb8+ Kc6 84. Qc8+ 1/2-1/2

[Event "Schachfestival Basel"]
[Site "?"]
[Date "2017.01.05"]
[Round "5.21"]
[White "Heinemann, Josefine"]
[Black "Benkovic, Petar"]
[Result "1/2-1/2"]
[WhiteElo "2227"]
[BlackElo "2424"]
[PlyCount "55"]
[EventDate "2017.01.??"]
[EventType "swiss"]
[EventRounds "9"]

1. e4 c5 2. Nf3 e6 3. d4 cxd4 4. Nxd4 a6 5. Bd3 Nf6 6. O-O Qc7 7. Qe2 d6 8. f4
g6 9. Nc3 Bg7 10. e5 dxe5 11. Ndb5 axb5 12. Nxb5 Qe7 13. fxe5 O-O 14. exf6 Bxf6
15. c3 Nd7 16. Be3 Bg5 17. Bf2 Nc5 18. Bc4 b6 19. Bd4 Ba6 20. Qe5 f6 21. Bxc5
fxe5 22. Bxe7 Bxe7 23. Bxe6+ Kg7 24. Rxf8 Rxf8 25. Nc7 Bc5+ 26. Kh1 Bd3 27. Bd5
Rf2 28. Ne6+ 1/2-1/2

[Event "Schachfestival Basel"]
[Site "?"]
[Date "2017.01.05"]
[Round "5.22"]
[White "Kappeler, Kaspar"]
[Black "Kozak, Adam"]
[Result "0-1"]
[WhiteElo "2241"]
[BlackElo "2376"]
[PlyCount "188"]
[EventDate "2017.01.??"]
[EventType "swiss"]
[EventRounds "9"]

1. d4 d5 2. c4 c6 3. Nf3 Nf6 4. e3 Bf5 5. Nc3 e6 6. Nh4 Be4 7. f3 Bg6 8. Qb3
Qc7 9. Bd2 Be7 10. g3 Bh5 11. O-O-O Nfd7 12. Be2 dxc4 13. Qxc4 Nb6 14. Qb3 N8d7
15. e4 O-O 16. g4 Bxh4 17. gxh5 h6 18. Rhg1 Kh8 19. Rg4 Be7 20. Rdg1 Rg8 21.
Bf4 Bd6 22. e5 Nxe5 23. dxe5 Bxe5 24. Bd2 Nd5 25. Qc2 Nf6 26. R4g2 Bxh2 27. Rh1
Be5 28. Kb1 Rad8 29. Qc1 Qb6 30. Bd1 Rd3 31. Ka1 Qd8 32. Bc2 Rxf3 33. Bxh6 Nd5
34. Ne4 Nf4 35. Ng5 Nd3 36. Nxf7+ Rxf7 37. Qe3 Bxb2+ 38. Kb1 Bd4 39. Qxd3 gxh6
40. Rxg8+ Kxg8 41. Qg6+ Bg7 42. Rd1 Qf6 43. Qxf6 Bxf6 44. Bg6 Re7 45. Kc2 Kg7
46. a4 Be5 47. Rd8 Bc7 48. Rc8 Bb6 49. Kd3 Bg1 50. Ke4 c5 51. Ke5 Bh2+ 52. Ke4
b6 53. a5 Rc7 54. Re8 c4 55. axb6 axb6 56. Rxe6 c3 57. Kf3 c2 58. Bxc2 Rxc2 59.
Rxb6 Rc5 60. Kg4 Bc7 61. Rg6+ Kh7 62. Ra6 Rg5+ 63. Kh4 Bg3+ 64. Kh3 Bf2 65. Ra2
Rxh5+ 66. Kg4 Rg5+ 67. Kh3 Bd4 68. Ra6 Kg7 69. Rc6 Bf6 70. Ra6 Kg6 71. Ra2 Rb5
72. Rg2+ Bg5 73. Ra2 Rb3+ 74. Kg2 Kf5 75. Ra4 h5 76. Rc4 Bf4 77. Rc5+ Kg4 78.
Rc8 Rb2+ 79. Kg1 h4 80. Rg8+ Kf3 81. Kh1 Bg3 82. Rf8+ Kg4 83. Rf1 Bf4 84. Rg1+
Kh3 85. Rg2 Rb8 86. Rg1 Bg3 87. Rg2 Kg4 88. Rg1 h3 89. Ra1 Rb2 90. Rf1 Ra2 91.
Rb1 Bf2 92. Rb4+ Kf3 93. Rb3+ Be3 94. Rb1 Kg3 0-1

[Event "Schachfestival Basel"]
[Site "?"]
[Date "2017.01.05"]
[Round "5.23"]
[White "Engel, Luis"]
[Black "Metz, Hartmut"]
[Result "1-0"]
[WhiteElo "2373"]
[BlackElo "2255"]
[PlyCount "137"]
[EventDate "2017.01.??"]
[EventType "swiss"]
[EventRounds "9"]

1. e4 c6 2. Nc3 d5 3. Qe2 dxe4 4. Nxe4 Nf6 5. Nxf6+ gxf6 6. Nf3 Bf5 7. d4 e6 8.
g3 Bg4 9. Be3 Qa5+ 10. c3 Bd6 11. Bg2 Qa6 12. h3 Bh5 13. g4 Bg6 14. Qxa6 Nxa6
15. Nh4 Nc7 16. Nxg6 hxg6 17. c4 O-O-O 18. O-O-O Kb8 19. h4 Rdg8 20. Bf3 Ne8
21. h5 g5 22. d5 cxd5 23. cxd5 f5 24. dxe6 fxe6 25. Be2 Rh7 26. Bb5 Bc7 27. Bc4
fxg4 28. Bxe6 Rgh8 29. Bd4 Rf8 30. Bxg4 Nf6 31. Rdg1 Bf4+ 32. Kb1 Nxg4 33. Rxg4
Rc8 34. a3 Rc6 35. Be3 Bxe3 36. fxe3 Rc5 37. h6 Kc7 38. Rh5 Kc6 39. Ra4 a6 40.
Re4 Kd7 41. Rg4 Kd6 42. Ka2 Rb5 43. Re4 Kd7 44. a4 Rc5 45. Ka3 a5 46. Rg4 b6
47. Kb3 Re5 48. e4 Rc5 49. Rg3 Ke6 50. Rgxg5 Rxg5 51. Rxg5 Rxh6 52. Kc4 Kd7 53.
Kb5 Re6 54. b3 Rxe4 55. Kxb6 Re3 56. Rb5 Rc3 57. Kxa5 Kc6 58. Kb4 Rh3 59. Rc5+
Kb6 60. a5+ Kb7 61. Ka4 Rh1 62. b4 Ra1+ 63. Kb5 Rh1 64. a6+ Ka7 65. Rc7+ Kb8
66. Kb6 Rh6+ 67. Rc6 Rh7 68. a7+ Rxa7 69. Rc8+ 1-0

[Event "Schachfestival Basel"]
[Site "?"]
[Date "2017.01.05"]
[Round "5.24"]
[White "Bao, Qilin"]
[Black "Vulevic, Vjekoslav"]
[Result "1-0"]
[WhiteElo "2343"]
[BlackElo "2225"]
[PlyCount "125"]
[EventDate "2017.01.??"]
[EventType "swiss"]
[EventRounds "9"]

1. Nf3 b5 2. e4 Bb7 3. Bxb5 Bxe4 4. O-O Nf6 5. d4 e6 6. Re1 Be7 7. Nbd2 Bb7 8.
Bd3 c5 9. dxc5 Bxc5 10. Nb3 Be7 11. Be3 d6 12. Qe2 O-O 13. Rad1 Qc7 14. Bg5
Nbd7 15. Nbd4 Nc5 16. Nf5 Nxd3 17. Nxe7+ Qxe7 18. Qxd3 h6 19. Bh4 Rfc8 20. c3
Bxf3 21. Qxf3 Rab8 22. Re2 Rb6 23. h3 a5 24. Rd4 g5 25. Bg3 e5 26. Ra4 Rb5 27.
h4 Qe6 28. hxg5 hxg5 29. Qe3 e4 30. Rd4 Rc6 31. b3 Rf5 32. c4 d5 33. Qc3 dxc4
34. Rxc4 Rxc4 35. Qxc4 Qxc4 36. bxc4 Rc5 37. Rc2 Nd5 38. Bd6 Rc6 39. c5 Nb4 40.
Rc4 Nd3 41. g4 f6 42. Kf1 Kf7 43. Ke2 f5 44. gxf5 Kf6 45. f3 Nxc5 46. Bxc5
exf3+ 47. Kxf3 Kxf5 48. a3 Ke5 49. Re4+ Kd5 50. Bd4 Rc4 51. Ke3 Ra4 52. Re5+
Kc4 53. Bc5 g4 54. Be7 Kc3 55. Rg5 Kc2 56. Rc5+ Kb3 57. Kd3 Rf4 58. Rxa5 Rf7
59. Bb4 Rg7 60. Rh5 Ka4 61. Kc4 Rc7+ 62. Bc5 Rg7 63. Rh8 1-0

[Event "Schachfestival Basel"]
[Site "?"]
[Date "2017.01.05"]
[Round "5.25"]
[White "Lorscheid, Gerhard"]
[Black "Zwahr, Paul"]
[Result "1/2-1/2"]
[WhiteElo "2203"]
[BlackElo "2325"]
[PlyCount "50"]
[EventDate "2017.01.??"]
[EventType "swiss"]
[EventRounds "9"]

1. d4 d5 2. c4 dxc4 3. e3 e5 4. Bxc4 exd4 5. exd4 Bd6 6. Nf3 Nf6 7. O-O O-O 8.
h3 h6 9. Nc3 Nc6 10. Re1 Bf5 11. d5 Ne7 12. Nd4 Bg6 13. Qf3 Kh7 14. a3 a6 15.
Bd2 Qd7 16. g4 Rfe8 17. Bxh6 Nxg4 18. hxg4 gxh6 19. Ne4 Ng8 20. Bd3 Kh8 21. Nf6
Rxe1+ 22. Rxe1 Qa4 23. Bxg6 Qxd4 24. Nxg8 Rxg8 25. Bh5 f6 1/2-1/2

[Event "Schachfestival Basel"]
[Site "?"]
[Date "2017.01.05"]
[Round "5.26"]
[White "Faibisovich, Vadim Z"]
[Black "Curien, Nicolas"]
[Result "1-0"]
[WhiteElo "2320"]
[BlackElo "2175"]
[PlyCount "95"]
[EventDate "2017.01.??"]
[EventType "swiss"]
[EventRounds "9"]

1. d4 e6 2. Nf3 d5 3. e3 Nf6 4. c4 c5 5. Nc3 Nc6 6. a3 cxd4 7. exd4 Be7 8. Bd3
O-O 9. O-O b6 10. cxd5 exd5 11. h3 Bb7 12. Bf4 Na5 13. Re1 Nc4 14. Qe2 Re8 15.
Bxc4 dxc4 16. Qxc4 Bxf3 17. gxf3 Qd7 18. Kg2 Rac8 19. Qd3 Rc5 20. Re5 Nh5 21.
Qe3 Rxe5 22. dxe5 Bc5 23. Qe4 Qd4 24. Qxd4 Bxd4 25. Bh2 g5 26. Re1 Kg7 27. Re4
Bxc3 28. bxc3 Nf4+ 29. Bxf4 gxf4 30. Rxf4 Rxe5 31. Ra4 Re7 32. Rc4 f6 33. f4
Kg6 34. Kf3 Kf5 35. a4 h6 36. a5 bxa5 37. Rc5+ Kg6 38. Rxa5 Rc7 39. Kg4 Rd7 40.
h4 Rc7 41. h5+ Kf7 42. Kf5 Rb7 43. c4 Rc7 44. c5 Rd7 45. Ke4 Ke7 46. c6 Rd6 47.
Rxa7+ Ke8 48. Ra8+ 1-0

[Event "Schachfestival Basel"]
[Site "?"]
[Date "2017.01.05"]
[Round "5.27"]
[White "Jakel, Wolfgang"]
[Black "Beeke, Bob"]
[Result "0-1"]
[WhiteElo "2223"]
[BlackElo "2315"]
[PlyCount "50"]
[EventDate "2017.01.??"]
[EventType "swiss"]
[EventRounds "9"]

1. e4 e5 2. f4 exf4 3. Nf3 d6 4. d4 g5 5. h4 g4 6. Ng1 Nf6 7. Nc3 Nh5 8. Nge2
Be7 9. Qd3 Bxh4+ 10. Kd1 c6 11. Bxf4 Nxf4 12. Nxf4 Bg5 13. Nh5 O-O 14. e5 f5
15. exf6 d5 16. Ng7 h6 17. Ne6 Qxf6 18. Nxf8 Bf5 19. Qg3 Qxd4+ 20. Bd3 Na6 21.
Ne6 Bxe6 22. Re1 Nc5 23. Qe5 Qf2 24. Qe2 g3 25. Rf1 Qd4 0-1

[Event "Schachfestival Basel"]
[Site "?"]
[Date "2017.01.05"]
[Round "5.28"]
[White "Schmitz, Thorsten"]
[Black "Schweizer, Simon"]
[Result "0-1"]
[WhiteElo "2314"]
[BlackElo "2131"]
[PlyCount "152"]
[EventDate "2017.01.??"]
[EventType "swiss"]
[EventRounds "9"]

1. e4 e5 2. Nf3 Nc6 3. Nc3 Nf6 4. g3 Bc5 5. Bg2 d6 6. d3 a6 7. O-O O-O 8. h3 h6
9. Be3 Bxe3 10. fxe3 Ne7 11. Nh4 Ng6 12. Nf5 Be6 13. d4 Kh7 14. d5 Bd7 15. Qf3
Ng8 16. Rf2 N6e7 17. Nxe7 Qxe7 18. g4 Qh4 19. Ne2 Rad8 20. c4 g6 21. Raf1 Kg7
22. Kh2 Ne7 23. Bh1 c6 24. Rg1 cxd5 25. cxd5 h5 26. gxh5 Bxh3 27. h6+ Kh7 28.
Qf6 Qxf6 29. Rxf6 Ng8 30. Rf2 Bd7 31. Rc1 Nxh6 32. Bf3 Rc8 33. Nc3 Kg7 34. a3
Rh8 35. Kg3 Ng8 36. Bg2 Nf6 37. Rfc2 Rh5 38. Rh1 Rg5+ 39. Kf3 Nh5 40. Kf2 f5
41. exf5 gxf5 42. Rhc1 Kf7 43. Ne2 Rcg8 44. Bh1 Nf6 45. Rc7 Rb8 46. R1c4 Ke7
47. Rh4 Rh5 48. Rxh5 Nxh5 49. e4 f4 50. Bf3 Nf6 51. b4 Kd8 52. Rc1 Rc8 53.
Rxc8+ Kxc8 54. Nc3 Kd8 55. a4 Kc7 56. a5 Kd8 57. Be2 Ke7 58. Bd3 Ng4+ 59. Kf3
Ne3 60. Kf2 Bg4 61. b5 axb5 62. Bxb5 Kd8 63. Na2 Nc2 64. a6 bxa6 65. Bxa6 Kc7
66. Bd3 Ne3 67. Nb4 Bd7 68. Be2 Kb6 69. Na6 Bb5 70. Bxb5 Kxb5 71. Nc7+ Kc5 72.
Ne6+ Kc4 73. Kf3 Kd3 74. Nxf4+ exf4 75. e5 dxe5 76. d6 Nf5 0-1

[Event "Schachfestival Basel"]
[Site "?"]
[Date "2017.01.05"]
[Round "5.29"]
[White "Guennigmann, Manuel"]
[Black "Eichler, Christoph"]
[Result "1/2-1/2"]
[WhiteElo "2183"]
[BlackElo "2312"]
[PlyCount "76"]
[EventDate "2017.01.??"]
[EventType "swiss"]
[EventRounds "9"]

1. e4 e5 2. Nf3 Nc6 3. Bb5 a6 4. Ba4 Nf6 5. O-O Be7 6. Re1 b5 7. Bb3 d6 8. c3
O-O 9. d4 Bg4 10. Be3 exd4 11. cxd4 d5 12. e5 Ne4 13. Nc3 Nxc3 14. bxc3 Na5 15.
Bc2 Nc4 16. Bc1 Qd7 17. Qd3 g6 18. h3 Bf5 19. Qe2 Rfe8 20. Bxf5 Qxf5 21. g4 Qd7
22. Nd2 Nb6 23. Nf1 Qc6 24. Qd3 Qc4 25. Qxc4 Nxc4 26. Ne3 Nb6 27. Bd2 Rac8 28.
Rab1 Bf8 29. Kg2 Re6 30. f4 c5 31. f5 Rec6 32. Nc2 Na4 33. Ne3 Bh6 34. Kf3 Bxe3
35. Kxe3 cxd4+ 36. cxd4 Rc2 37. Rec1 Nb6 38. Kd3 Rxc1 1/2-1/2

[Event "Schachfestival Basel"]
[Site "?"]
[Date "2017.01.05"]
[Round "5.30"]
[White "Tschann, Stephan"]
[Black "Thiel, Thomas"]
[Result "1-0"]
[WhiteElo "2208"]
[BlackElo "2297"]
[PlyCount "51"]
[EventDate "2017.01.??"]
[EventType "swiss"]
[EventRounds "9"]

1. d4 d5 2. c4 e5 3. dxe5 d4 4. Nf3 Nc6 5. Nbd2 Qe7 6. g3 Bf5 7. Bg2 O-O-O 8.
O-O d3 9. e3 Bg4 10. Qb3 Qb4 11. Qxb4 Bxb4 12. a3 Bxd2 13. Bxd2 Bxf3 14. Bxf3
Nxe5 15. Be4 Nxc4 16. Bc3 Nf6 17. Bf5+ Kb8 18. b3 Nd6 19. Bxd3 Nde4 20. Bxe4
Nxe4 21. Bxg7 Rhg8 22. Rfd1 Nd2 23. Bf6 Nxb3 24. Bxd8 Nxa1 25. Bf6 Nc2 26. Bb2
1-0

[Event "Schachfestival Basel"]
[Site "?"]
[Date "2017.01.05"]
[Round "5.31"]
[White "Hamblok, Roel"]
[Black "Nguyen, Kevin"]
[Result "1-0"]
[WhiteElo "2294"]
[BlackElo "2122"]
[PlyCount "69"]
[EventDate "2017.01.??"]
[EventType "swiss"]
[EventRounds "9"]

1. d4 Nf6 2. Nf3 d6 3. Bf4 Nh5 4. Bc1 g6 5. e4 Bg7 6. Bc4 O-O 7. c3 Nc6 8. h3
e5 9. dxe5 dxe5 10. Qxd8 Nxd8 11. Nbd2 Be6 12. g3 Re8 13. a4 Nf6 14. Bd3 Nc6
15. b4 a6 16. Kf1 Red8 17. Bc2 h6 18. Kg2 Ne8 19. h4 Nf6 20. Re1 Ng4 21. Nf1
Bc4 22. Ne3 Nxe3+ 23. Bxe3 Bd3 24. Rac1 f5 25. Nd2 f4 26. gxf4 exf4 27. Bxf4
Ne5 28. Bb3+ Kh7 29. Bxe5 Bxe5 30. Nf3 Bf4 31. Rcd1 b5 32. Nd4 bxa4 33. Bd5 c6
34. Rxd3 cxd5 35. Ne6 1-0

[Event "Schachfestival Basel"]
[Site "?"]
[Date "2017.01.05"]
[Round "5.32"]
[White "Kaeppeli, Adriano"]
[Black "Bluhm, Sonja Maria"]
[Result "0-1"]
[WhiteElo "1952"]
[BlackElo "2276"]
[PlyCount "142"]
[EventDate "2017.01.??"]
[EventType "swiss"]
[EventRounds "9"]

1. e4 c5 2. Nf3 Nc6 3. d4 cxd4 4. Nxd4 Nf6 5. Nc3 e6 6. Ndb5 Bc5 7. Bf4 O-O 8.
Bc7 Qe7 9. Bd6 Bxd6 10. Qxd6 Qd8 11. Nc7 Rb8 12. Be2 Ne8 13. Nxe8 Rxe8 14. O-O
a6 15. a4 b6 16. Rfd1 Qe7 17. f4 f6 18. Bf3 Qxd6 19. Rxd6 Kf7 20. Rad1 Ke7 21.
Kf2 Nd8 22. Ke3 Nf7 23. R6d3 Rd8 24. Nb1 Bb7 25. Na3 Bc6 26. b3 b5 27. axb5
axb5 28. c4 bxc4 29. Nxc4 Rb5 30. Ra1 Rdb8 31. Bd1 d5 32. Ra7+ Ke8 33. exd5
Bxd5 34. Rxf7 Kxf7 35. Nd6+ Ke7 36. Nxb5 Rxb5 37. g3 Kd6 38. Rc3 h6 39. Bc2 g5
40. fxg5 hxg5 41. h4 gxh4 42. gxh4 Rb4 43. h5 Rh4 44. Bd1 e5 45. Kf2 f5 46. Rg3
Rh2+ 47. Ke1 f4 48. Rg6+ Kc5 49. h6 Kd4 50. Be2 Ke3 51. Bb5 Ra2 52. Ra6 Rb2 53.
Kd1 Rh2 54. Kc1 e4 55. b4 f3 56. Rd6 Bb3 57. Ba6 f2 58. Rf6 Rh1+ 59. Kb2 Bd1
60. Rc6 f1=Q 61. Bxf1 Rxf1 62. h7 Rh1 63. Rc7 Be2 64. Kc3 Bd3 65. Rb7 Ke2 66.
Rd7 Rh5 67. b5 Bxb5 68. Rd5 Rh3+ 69. Kd4 Bd3 70. Rd7 e3 71. Rg7 Bxh7 0-1

[Event "Schachfestival Basel"]
[Site "?"]
[Date "2017.01.05"]
[Round "5.33"]
[White "Lumsdon, Andrew"]
[Black "Rahnfeld, Jens"]
[Result "0-1"]
[WhiteElo "1994"]
[BlackElo "2274"]
[PlyCount "88"]
[EventDate "2017.01.??"]
[EventType "swiss"]
[EventRounds "9"]

1. e4 c5 2. Na3 e6 3. c3 d5 4. e5 Nc6 5. f4 f6 6. Nf3 fxe5 7. fxe5 Nh6 8. Nc2
Be7 9. d4 Nf5 10. Bd3 O-O 11. O-O c4 12. Bxf5 Rxf5 13. Ne3 Rf8 14. Qe1 Bd7 15.
Qg3 Be8 16. Qh3 Qd7 17. g4 Bg6 18. Ng2 Rf7 19. Nf4 Be4 20. Be3 Bxf3 21. Rxf3
Bg5 22. Qh5 Bxf4 23. Rxf4 Rxf4 24. Bxf4 Rf8 25. Rf1 Ne7 26. Qh3 Qa4 27. a3 Ng6
28. Bg3 Rxf1+ 29. Qxf1 Qc2 30. Qf2 Qd1+ 31. Kg2 Qxg4 32. h3 Qe4+ 33. Kh2 Ne7
34. Bh4 Nf5 35. Bd8 Qe3 36. Qg2 Qf4+ 37. Kg1 Ne3 38. Qg5 Qf1+ 39. Kh2 Qf2+ 40.
Kh1 Nf5 41. Qg2 Ng3+ 42. Kh2 Nf1+ 43. Kh1 Qxg2+ 44. Kxg2 Ne3+ 0-1

[Event "Schachfestival Basel"]
[Site "?"]
[Date "2017.01.05"]
[Round "5.34"]
[White "Yakimenko, Alexander"]
[Black "Cholleti, Sahajasri"]
[Result "1/2-1/2"]
[WhiteElo "2242"]
[BlackElo "1987"]
[PlyCount "67"]
[EventDate "2017.01.??"]
[EventType "swiss"]
[EventRounds "9"]

1. e4 c5 2. Nc3 d6 3. Bc4 Nc6 4. f4 g6 5. Nf3 Bg7 6. O-O Nf6 7. d3 O-O 8. a3
Nd4 9. Nxd4 cxd4 10. Nd5 e6 11. Nxf6+ Bxf6 12. Bd2 Bg7 13. Qf3 Kh8 14. Rae1 Bd7
15. Qg3 a5 16. Re2 Rc8 17. Qe1 b6 18. Kh1 d5 19. exd5 exd5 20. Bb3 Bg4 21. Re5
Be6 22. Qf2 Bxe5 23. fxe5 f5 24. exf6 Bf5 25. Qxd4 Qxf6 26. Bc3 Rxc3 27. Qxf6+
Rxf6 28. bxc3 Rc6 29. c4 dxc4 30. Bxc4 b5 31. Bxb5 Rxc2 32. Kg1 Rc3 33. a4 Bxd3
34. Bxd3 1/2-1/2

[Event "Schachfestival Basel"]
[Site "?"]
[Date "2017.01.05"]
[Round "5.35"]
[White "Schneider, Jana"]
[Black "Ramaraju, N."]
[Result "1/2-1/2"]
[WhiteElo "2274"]
[BlackElo "2124"]
[PlyCount "97"]
[EventDate "2017.01.??"]
[EventType "swiss"]
[EventRounds "9"]

1. e4 c5 2. Nf3 e6 3. g3 Nc6 4. Bg2 Nf6 5. Qe2 e5 6. O-O Be7 7. c3 O-O 8. d3 h6
9. Na3 Re8 10. Nc2 Bf8 11. Ne3 d5 12. exd5 Nxd5 13. Nxd5 Qxd5 14. Be3 Qd8 15.
Rad1 Nd4 16. Qd2 Bh3 17. cxd4 Bxg2 18. Kxg2 cxd4 19. Bxh6 gxh6 20. Rfe1 Qd5 21.
a3 Bg7 22. Qe2 f5 23. Kg1 e4 24. Nh4 Qf7 25. dxe4 fxe4 26. Qg4 h5 27. Qg5 Re5
28. Qd2 Rd8 29. f3 e3 30. Qd3 Red5 31. Re2 Rc8 32. f4 Rdc5 33. Nf3 Rc1 34. Rxc1
Rxc1+ 35. Re1 Qc4 36. Qg6 Rxe1+ 37. Nxe1 Qe2 38. Qe8+ Bf8 39. Qe6+ Kh8 40. Qe5+
Kg8 41. Qe6+ Kg7 42. Qd7+ Kf6 43. Qxd4+ Ke7 44. Qe4+ Kf6 45. Qe5+ Kf7 46. Qf5+
Ke7 47. Qe4+ Kf6 48. Qe5+ Kf7 49. Qf5+ 1/2-1/2

[Event "Schachfestival Basel"]
[Site "?"]
[Date "2017.01.05"]
[Round "5.36"]
[White "Keetman, Maaike"]
[Black "Probst, Andreas"]
[Result "1-0"]
[WhiteElo "2232"]
[BlackElo "2093"]
[PlyCount "59"]
[EventDate "2017.01.??"]
[EventType "swiss"]
[EventRounds "9"]

1. e4 c5 2. Nf3 e6 3. d4 cxd4 4. Nxd4 a6 5. Bd3 Nf6 6. O-O Bc5 7. Nb3 Be7 8. e5
Nd5 9. Qg4 g6 10. Bh6 Nc6 11. Qe2 Bg5 12. Bxg5 Qxg5 13. f4 Qe7 14. c4 Ndb4 15.
Be4 a5 16. a3 Na6 17. Nc3 Nc5 18. Nxc5 Qxc5+ 19. Kh1 Nd4 20. Qd3 Nf5 21. Nb5
Rb8 22. Bxf5 exf5 23. Nd6+ Kf8 24. Qh3 h5 25. Qh4 Qc7 26. Nxf7 Kxf7 27. Qf6+
Kg8 28. Qxg6+ Kf8 29. Qf6+ Kg8 30. Rf3 1-0

[Event "Schachfestival Basel"]
[Site "?"]
[Date "2017.01.05"]
[Round "5.37"]
[White "Ruff, Maximilian"]
[Black "Kolb, Markus"]
[Result "1-0"]
[WhiteElo "2228"]
[BlackElo "2091"]
[PlyCount "43"]
[EventDate "2017.01.??"]
[EventType "swiss"]
[EventRounds "9"]

1. d4 e6 2. c4 d5 3. Nf3 Nf6 4. g3 Bb4+ 5. Bd2 Bd6 6. Nc3 c6 7. Bg2 O-O 8. O-O
Nbd7 9. Bg5 h6 10. Bxf6 Nxf6 11. Nd2 e5 12. dxe5 Bxe5 13. cxd5 Bxc3 14. bxc3
Nxd5 15. Qc2 Be6 16. Nb3 Qe7 17. Nd4 Rfe8 18. Rfd1 Rad8 19. Nxe6 Qxe6 20. Rd4
Nb6 21. e3 Rd7 22. Re4 1-0

[Event "Schachfestival Basel"]
[Site "?"]
[Date "2017.01.05"]
[Round "5.39"]
[White "Schmider, Niklas"]
[Black "Halfhide, Sebastian"]
[Result "0-1"]
[WhiteElo "2065"]
[BlackElo "2222"]
[PlyCount "78"]
[EventDate "2017.01.??"]
[EventType "swiss"]
[EventRounds "9"]

1. e4 e5 2. Nf3 Nc6 3. Bb5 a6 4. Ba4 Nf6 5. d3 d6 6. c3 g6 7. O-O Bg7 8. Re1
O-O 9. Nbd2 Nd7 10. Nf1 Nc5 11. Bc2 Ne6 12. Ne3 Kh8 13. b4 f5 14. a4 f4 15. Nd5
g5 16. h3 Qe8 17. Bb2 Nb8 18. d4 Nd7 19. a5 h5 20. Nh2 c6 21. Nb6 Nxb6 22. axb6
g4 23. d5 Ng5 24. h4 g3 25. fxg3 fxg3 26. hxg5 gxh2+ 27. Kh1 Bg4 28. Qd3 h4 29.
Rf1 Qh5 30. Qe3 Rf4 31. c4 Kg8 32. dxc6 Raf8 33. Qd3 Be2 34. Qd5+ Kh7 35. Rxf4
Rxf4 36. Qe6 Bg4 37. g6+ Kh6 38. Qf5 Bxf5 39. exf5 h3 0-1

[Event "Schachfestival Basel"]
[Site "?"]
[Date "2017.01.05"]
[Round "5.40"]
[White "Pfatteicher, Lukas"]
[Black "Faraone, Ettore"]
[Result "1-0"]
[WhiteElo "2216"]
[BlackElo "2033"]
[PlyCount "97"]
[EventDate "2017.01.??"]
[EventType "swiss"]
[EventRounds "9"]

1. e4 c5 2. Nf3 d6 3. d4 cxd4 4. Nxd4 Nf6 5. Nc3 a6 6. h3 Qc7 7. g4 b5 8. g5 b4
9. Ncb5 axb5 10. gxf6 gxf6 11. Nxb5 Qa5 12. Qd5 Ra6 13. Bd2 Be6 14. Qd3 Rc6 15.
b3 Nd7 16. Nd4 Rc5 17. Qa6 Qxa6 18. Bxa6 Re5 19. Bd3 f5 20. f4 Rc5 21. exf5 Bd5
22. Rg1 Bh6 23. Ne2 Nf6 24. Bxb4 Rc8 25. Bc3 Rg8 26. Rxg8+ Nxg8 27. Bd4 Bf3 28.
a4 Nf6 29. a5 Nd5 30. a6 Nb4 31. a7 Nxd3+ 32. cxd3 Ba8 33. b4 Kd7 34. b5 e6 35.
fxe6+ fxe6 36. b6 Kc6 37. Rb1 Kb7 38. Nc1 e5 39. Bf2 Bxf4 40. Nb3 d5 41. Nc5+
Rxc5 42. Bxc5 Kc6 43. Bf2 d4 44. Bh4 h6 45. Bd8 Kb7 46. Ke2 Kc8 47. Rg1 Bd5 48.
Rg8 Kb7 49. Rf8 1-0